| 000 | 00646pam a2200193 i 4500 | ||
|---|---|---|---|
| 020 | _a0898740711 | ||
| 082 | 0 | 0 |
_a519.502462 _bVOL _cL-4, P-16 |
| 100 | 1 |
_aVolk, William. _939493 |
|
| 245 | 1 | 0 |
_aApplied statistics for engineers / _cWilliam Volk. |
| 250 | _a2d ed. | ||
| 260 |
_aHuntington, N.Y. : _bR. E. Krieger Pub. Co., _c1980, c1969. |
||
| 300 |
_axii, 415 p. ; _c24 cm. _bill. ; |
||
| 500 | _aReprint of the 2d ed. published by McGraw-Hill, New York. | ||
| 526 |
_a0 _b0 _c0 _d519_502462000000000_VOL |
||
| 650 | 0 |
_aEngineering _xStatistical methods. _9129 |
|
| 650 | 0 |
_aMathematical statistics. _961 |
|
| 650 | 0 |
_aMCE _9379 |
|
| 942 |
_2ddc _cBK |
||
| 999 |
_c543976 _d543976 |
||